Responses for Show #2211 - Monday, March 28, 1994

Contestants

[<< previous game]

Rosa Studniarz, an office supervisor from Eastlake, Ohio

Jack Horan, a school vice principal from Califon, New Jersey

Mike Schmulewitz, a salesman from St. Paul, Minnesota (whose 1-day cash winnings total $8,100)

[next game >>]

Jeopardy! Round responses

STATE CAPITALS
PEOPLE
HERBS & SPICES
TITLE OBJECTS
TRANSPORTATION
DUCK POTPOURRI
    $100 3
Boston

Mike
    $100 11
Hillary Clinton

Jack
    $100 4
pepper

Mike
    $100 17
a house

Mike
    $100 26
South Africa

Jack
    $100 1
a drake

Mike
    $200 6
Sacramento

Rosa
    $200 12
Lee Iacocca

Jack
    $200 5
thyme

Rosa
    $200 20
the scarlet letter

Mike
    $200 27
a bicycle

Jack
    $200 2
(Jack: What is the feather?)

the bill

JackRosa
    $300 7
Salem

Rosa
    $300 13
Bobby Fischer

Rosa
    $300 9
basil

Jack
    $300 22
(Rosa: What is a hobbit?)
(Mike: What was the Lord of the Rings?)

a ring

MikeJackRosa
    $300 28
a troika

Jack
    $300 16
tribes

Rosa
    $400 8
Santa Fe (New Mexico)

Mike
    $400 14
Cincinnati

Rosa
    $400 21
rosemary

Jack
    $400 23
a pendulum

Mike
    $400 29
a Volvo

Jack
    $400 18
(Jack: What is Ohio?)

New York

Jack
Triple Stumper
    $500 10
Honolulu

Jack
    $500 15
Sisters

Mike
    $500 25
mace

Mike
    $500 24
the Moon & sixpence

Triple Stumper
    $500 30
the Mauretania

Jack
    $500 19
(Mike: What is a mallard?)

a teal

MikeJack

Scores at the first commercial break (after clue 16):

Mike Jack Rosa
$1,200 $900 $1,900

Scores at the end of the Jeopardy! Round:

Mike Jack Rosa
$1,600 $3,200 $1,600

Double Jeopardy! Round responses

THE 1880s
BALLET
COLLEGES & UNIVERSITIES
WORLD LEADERS
PHOTOGRAPHY
QUOTATIONS
    $200 10
the Brooklyn Bridge

Rosa
    $200 3
Romeo and Juliet

Rosa
    $200 1
[Mike selected the first clue.]

Columbia

Jack
    $200 15
King Hussein

Rosa
    $200 26
(Rosa: Who is Kodak?)

(George) Eastman

JackRosa
    $200 21
the woods

Jack
    $400 11
Clara Barton

Rosa
    $400 4
a jeté

Jack
    $400 2
the University of Alabama

Rosa
    $400 17
Sadat & Begin

Mike
    $400 27
green

Jack
    $400 22
(Rosa: What is grow?)

from little acorns grow

JackRosa
    $600 12
Kaiser Wilhelm

Mike
    $600 8
Rodeo

Rosa
    $600 5
Bard College

Jack
    $600 18
(Alex: And guess what, we have a three-way tie for the lead. Each of you has $5,200.)

Peru

Rosa
    $600 28
the F-stop

Jack
    $600 23
disappointed

Jack
    $800 13
Khartoum

Mike
    $800 9
(Johann Sebastian) Bach

Jack
    $800 6
Puget Sound

Mike
    $800 19
Sweden

Jack
    $500 29
(Jack: [Shakes head] Camera...)

camera obscura

Jack
    $800 24
(Alex: Martin Luther was kind of sharp.)

wine, women & song

Triple Stumper
    $1000 14
tuberculosis

Mike
    $1000 16
Maria Tallchief

Triple Stumper
    $1000 7
Tulane

Rosa
    $1,500 20
Suharto

Jack
    $1000 30
Margaret Bourke-White

Rosa
    $1000 25
(Alex: A variation on another famous quotation.)

Samuel Butler

Triple Stumper

Scores at the end of the Double Jeopardy! Round:

Mike Jack Rosa
$5,200 $9,400 $5,600

[wagering suggestions for these scores]

Final Jeopardy! Round responses

AUSTRALIA
MikeWhat is Tasmania
$0
RosaWhat is Sydney?
$2,000
JackWhat is New South Wales?
$1,800
Tasmania

Final scores:

Mike Jack Rosa
$5,200 $7,600 $3,600
2nd place: Gibson refrigerator/freezer, gas range with electronic ignition & portable dishwasher + Regal Flavorite kitchen nutrition cooking system (stainless steel pots & pans) New champion: $7,600 3rd place: Cutco Galley Set Plus Six (7 kitchen knives & 6 meat knives for the table in a wood block) + Wheel of Fortune & Jeopardy! for the 16-bit Super Nintendo Entertainment System & the Sega Genesis system

Game dynamics:

Coryat scores:

Mike Jack Rosa
$5,200 $9,400 $5,600
14 R,
2 W
24 R
(including 2 DDs),
3 W
(including 1 DD)
16 R,
3 W

Combined Coryat: $20,200

[game clues] [game scores] [suggest correction]

Game tape date: 1993-12-14
The J! Archive is created by fans, for fans. Scraping, republication, monetization, and malicious use prohibited; this site may use cookies and collect identifying information. See terms. The Jeopardy! game show and all elements thereof, including but not limited to copyright and trademark thereto, are the property of Jeopardy Productions, Inc. and are protected under law. This website is not affiliated with, sponsored by, or operated by Jeopardy Productions, Inc. Join the discussion at JBoard.tv.